LEADER 01634nam 2200253la 450 001 9910481557603321 005 20230503103142.0 035 $a(UK-CbPIL)2090306492 035 $a(CKB)5500000000106939 035 $a(EXLCZ)995500000000106939 100 $a20230503d1673 uy | 101 0 $aita 135 $aurcn||||a|bb| 200 10$aListra (sic) de nomi de' pittori, di mano de quali si danno disegni, et il primo numero denota quello de' disegni, e l'altro denota quello, nel quale, o fiorirono, o morirono i medesimi pittori, e tutto fino al presente giorno 8 settempre 1673. [...] sempre [...] la raccolta de' medesimi, et accrescendo la notizia de [...] fatta questa per semplice memoria, ne esser messi per anco i tempi a tutti, non si e? [...] nel metterli in nota, se non quello dell'alfabeto 210 $aFlorence $c[s.n.]$d1673 215 $aOnline resource (cc. [14], fo (mm. 292 x 200)) 300 $aReproduction of original in Biblioteca Nazionale Centrale di Firenze. 700 $aBaldinucci$b Filippo$f1625-1696.$036012 801 0$bUk-CbPIL 801 1$bUk-CbPIL 906 $aBOOK 912 $a9910481557603321 996 $aListra (sic) de nomi de' pittori, di mano de quali si danno disegni, et il primo numero denota quello de' disegni, e l'altro denota quello, nel quale, o fiorirono, o morirono i medesimi pittori, e tutto fino al presente giorno 8 settempre 1673. sempre ... la raccolta de' medesimi, et accrescendo la notizia de ... fatta questa per semplice memoria, ne esser messi per anco i tempi a tutti, non si è ... nel metterli in nota, se non quello dell'alfabeto$92252313 997 $aUNINA LEADER 03313oam 2200673 c 450 001 9910965761303321 005 20260302090207.0 010 $a3-8467-6105-2 024 7 $a10.30965/9783846761052 035 $a(CKB)4330000000533104 035 $a(nllekb)BRILL9783846761052 035 $a(MiAaPQ)EBC6513848 035 $a(Au-PeEL)EBL6513848 035 $a(OCoLC)1243539111 035 $a(Brill | Fink)9783846761052 035 $a(EXLCZ)994330000000533104 100 $a20260302d2017 uy 0 101 0 $ager 135 $aurun| uuuua 181 $2rdacontent 182 $2rdamedia 183 $2rdacarrier 200 10$aDenkformen und ihre kulturkonstitutive Rolle$fKaren Gloy 205 $a1st ed. 210 $aPaderborn$cBrill | Fink$d2017 215 $a1 online resource 311 08$a3-7705-6105-8 320 $aIncludes bibliographical references and index. 327 $aPreliminary Material -- Untersuchungsgegenstand und Abgrenzungen -- Denkformen und ähnliche Begriffe -- Parataxe -- Hypotaxe -- Vernetzung -- Parataxe in der altvorderorientalischen Kultur -- Hypotaxe in der westlichen Kultur -- Vernetztes Denken in der modernen globalen Kultur -- Fortschritt oder Andersartigkeit? -- Literaturverzeichnis -- Personenverzeichnis -- Sachverzeichnis. 330 $aWir alle werden in eine bestimmte Kultur hineingeboren, in eine bestimmte Sprache, in bestimmte Denk-, Verhaltens- und Handlungsmuster, die nicht wir selbst erfinden, sondern die uns vorgegeben werden und in die wir durch einen Sozialisationsprozess hineinwachsen. Auch wenn heute durch die fortschreitende Globalisierung die ursprünglichen Herkunftskulturen immer weiter zurückgedrängt werden und einer Internationalisierung und Nivellierung weichen, lassen sich die jeweiligen Herkunftskulturen nicht gänzlich leugnen. Welche Rolle sie spielen, auch welche Schwierigkeiten sie bereiten, zeigt der sogenannte »cross-race-Effekt«, die für das Leben erforderliche Gruppenzugehörigkeit. Das vorliegende Buch macht sich zur Aufgabe, grundkategoriale Differenzen der diversen Kulturen aufzuzeigen: Parataxe, Hypotaxe und Vernetzung, die in allen Bereichen der Sprache, Wissenschaft, Kunst, Jurisprudenz, Zeit- und Geschichtsauffassung wiederkehren. Die parataktische Struktur wird anhand der altvorderorientalischen Kultur demonstriert, die hypotaktisch-hierarchische anhand der abendländischen und die vernetzte anhand der modernen globalen. 606 $aVernetzung 606 $aCross-Race-Effect 606 $aParataxe 606 $aModerne 606 $aAbendland 606 $aaltvorderorientalische Kultur 606 $aSozialisation 606 $aDenkstruktur 606 $aHerkunftskultur 606 $aHypotaxe 615 4$aVernetzung 615 4$aCross-Race-Effect 615 4$aParataxe 615 4$aModerne 615 4$aAbendland 615 4$aaltvorderorientalische Kultur 615 4$aSozialisation 615 4$aDenkstruktur 615 4$aHerkunftskultur 615 4$aHypotaxe 676 $a303.32 700 $aGloy$b Karen$4aut$0152457 801 0$bMiAaPQ 801 1$bMiAaPQ 801 2$bMiAaPQ 906 $aBOOK 912 $a9910965761303321 996 $aDenkformen und Ihre Kulturkonstitutive Rolle$93979129 997 $aUNINA